<?xml version="1.0" encoding="UTF-8"?>
<record
    xmlns:xsi="http://www.w3.org/2001/XMLSchema-instance"
    xsi:schemaLocation="http://www.loc.gov/MARC21/slim http://www.loc.gov/standards/marcxml/schema/MARC21slim.xsd"
    xmlns="http://www.loc.gov/MARC21/slim">

  <leader>00735nam a22001817a 4500</leader>
  <controlfield tag="005">20251219101905.0</controlfield>
  <controlfield tag="008">250117b        |||||||| |||| 00| 0 eng d</controlfield>
  <datafield tag="020" ind1=" " ind2=" ">
    <subfield code="a">978-1-4737-0479-4</subfield>
  </datafield>
  <datafield tag="050" ind1=" " ind2=" ">
    <subfield code="a">HG 4529.5 .R 45 2015</subfield>
    <subfield code="b">1</subfield>
  </datafield>
  <datafield tag="100" ind1=" " ind2=" ">
    <subfield code="a">REILLY FRANK K</subfield>
  </datafield>
  <datafield tag="245" ind1=" " ind2=" ">
    <subfield code="a">ANALYSIS OF INVESTMENTS AND MANAGEMENT OF PORTFOLIOS</subfield>
  </datafield>
  <datafield tag="260" ind1=" " ind2=" ">
    <subfield code="a">CHERITON HOUSE, NORTH WAY, ANDOVER, HAMPSHIRE, UNITED KINGDOM,</subfield>
    <subfield code="b">GENGAGE LEARNING EMEA,</subfield>
    <subfield code="c">2015,</subfield>
  </datafield>
  <datafield tag="300" ind1=" " ind2=" ">
    <subfield code="a">XViii,748 P, ILL</subfield>
  </datafield>
  <datafield tag="500" ind1=" " ind2=" ">
    <subfield code="a">INCLUDES BIBLIOGRAPHICAL REFERENCES AND INDEX</subfield>
  </datafield>
  <datafield tag="650" ind1=" " ind2=" ">
    <subfield code="a"> Business enterprise, Finance Corporation,s Finance Gestion, Investment analysis, Investments, Portfolio management portfolios (financial records)</subfield>
  </datafield>
  <datafield tag="700" ind1=" " ind2=" ">
    <subfield code="a">BROWN KEITH C</subfield>
  </datafield>
  <datafield tag="942" ind1=" " ind2=" ">
    <subfield code="2">lcc</subfield>
    <subfield code="c">BK</subfield>
  </datafield>
  <datafield tag="999" ind1=" " ind2=" ">
    <subfield code="c">214453</subfield>
    <subfield code="d">214453</subfield>
  </datafield>
  <datafield tag="952" ind1=" " ind2=" ">
    <subfield code="0">0</subfield>
    <subfield code="1">0</subfield>
    <subfield code="2">lcc</subfield>
    <subfield code="4">0</subfield>
    <subfield code="6">HG45295  ,R 00045 02015</subfield>
    <subfield code="7">0</subfield>
    <subfield code="8">BUS</subfield>
    <subfield code="9">368056</subfield>
    <subfield code="a">KSUL</subfield>
    <subfield code="b">KSUL</subfield>
    <subfield code="c">DISPLAY</subfield>
    <subfield code="d">2025-01-17</subfield>
    <subfield code="i">106001</subfield>
    <subfield code="l">0</subfield>
    <subfield code="o">HG 4529.5 ,R 45 2015</subfield>
    <subfield code="p">000000013076</subfield>
    <subfield code="r">2025-01-17 09:45:11</subfield>
    <subfield code="t">1</subfield>
    <subfield code="w">2025-01-17</subfield>
    <subfield code="y">BK</subfield>
  </datafield>
  <datafield tag="952" ind1=" " ind2=" ">
    <subfield code="0">0</subfield>
    <subfield code="1">0</subfield>
    <subfield code="2">lcc</subfield>
    <subfield code="4">0</subfield>
    <subfield code="6">HG45295 R45  02015</subfield>
    <subfield code="7">0</subfield>
    <subfield code="8">BUS</subfield>
    <subfield code="9">374406</subfield>
    <subfield code="a">KSUL</subfield>
    <subfield code="b">KSUL</subfield>
    <subfield code="c">DISPLAY</subfield>
    <subfield code="d">2026-01-09</subfield>
    <subfield code="i">110868</subfield>
    <subfield code="l">0</subfield>
    <subfield code="o">HG 4529.5 .R45 2015</subfield>
    <subfield code="p">000000023611</subfield>
    <subfield code="r">2026-01-09 09:34:47</subfield>
    <subfield code="t">C.2</subfield>
    <subfield code="w">2026-01-09</subfield>
    <subfield code="y">BK</subfield>
  </datafield>
  <datafield tag="952" ind1=" " ind2=" ">
    <subfield code="0">0</subfield>
    <subfield code="1">0</subfield>
    <subfield code="2">lcc</subfield>
    <subfield code="4">0</subfield>
    <subfield code="6">HG45295 R45  02015</subfield>
    <subfield code="7">0</subfield>
    <subfield code="8">BUS</subfield>
    <subfield code="9">374407</subfield>
    <subfield code="a">KSUL</subfield>
    <subfield code="b">KSUL</subfield>
    <subfield code="c">DISPLAY</subfield>
    <subfield code="d">2026-01-09</subfield>
    <subfield code="i">110869</subfield>
    <subfield code="l">0</subfield>
    <subfield code="o">HG 4529.5 .R45 2015</subfield>
    <subfield code="p">000000023612</subfield>
    <subfield code="r">2026-01-09 09:34:00</subfield>
    <subfield code="t">C.3</subfield>
    <subfield code="w">2026-01-09</subfield>
    <subfield code="y">BK</subfield>
  </datafield>
  <datafield tag="952" ind1=" " ind2=" ">
    <subfield code="0">0</subfield>
    <subfield code="1">0</subfield>
    <subfield code="2">lcc</subfield>
    <subfield code="4">0</subfield>
    <subfield code="6">HG45295 R45  02015</subfield>
    <subfield code="7">0</subfield>
    <subfield code="8">BUS</subfield>
    <subfield code="9">374408</subfield>
    <subfield code="a">KSUL</subfield>
    <subfield code="b">KSUL</subfield>
    <subfield code="c">DISPLAY</subfield>
    <subfield code="d">2026-01-09</subfield>
    <subfield code="i">110870</subfield>
    <subfield code="l">0</subfield>
    <subfield code="o">HG 4529.5 .R45 2015</subfield>
    <subfield code="p">000000023613</subfield>
    <subfield code="r">2026-01-09 09:34:00</subfield>
    <subfield code="t">C.4</subfield>
    <subfield code="w">2026-01-09</subfield>
    <subfield code="y">BK</subfield>
  </datafield>
  <datafield tag="952" ind1=" " ind2=" ">
    <subfield code="0">0</subfield>
    <subfield code="1">0</subfield>
    <subfield code="2">lcc</subfield>
    <subfield code="4">0</subfield>
    <subfield code="6">HG45295 R45  02015</subfield>
    <subfield code="7">0</subfield>
    <subfield code="8">BUS</subfield>
    <subfield code="9">374409</subfield>
    <subfield code="a">KSUL</subfield>
    <subfield code="b">KSUL</subfield>
    <subfield code="c">DISPLAY</subfield>
    <subfield code="d">2026-01-09</subfield>
    <subfield code="i">110871</subfield>
    <subfield code="l">0</subfield>
    <subfield code="o">HG 4529.5 .R45 2015</subfield>
    <subfield code="p">000000023614</subfield>
    <subfield code="r">2026-01-09 09:34:00</subfield>
    <subfield code="t">C.5</subfield>
    <subfield code="w">2026-01-09</subfield>
    <subfield code="y">BK</subfield>
  </datafield>
</record>
